| 000 | 00841nam a2200217 a 4500 | ||
|---|---|---|---|
| 005 | 20251203063936.0 | ||
| 008 | 991125s1997 mx 000 0 spa u | ||
| 035 | _aUPN01000009370 | ||
| 049 | _aTES | ||
| 099 | _a13940 | ||
| 100 | 1 | _aVelázquez Navarro, Luz Elena | |
| 245 | 1 | 1 |
_a¿Cómo hacer que alumnas de sexto grado logren comprender la información escrita contenida en sus libros de texto? / _cLuz Elena Velázquez Navarro. |
| 260 |
_aGuadalajara : _bL. E. Velázquez Navarro, _c1997. |
||
| 300 | _a58, [23] h. | ||
| 500 | _a"Unidad 141" | ||
| 502 | _aPropuesta pedagógica (Lic. en Educación Primaria) -- Universidad Pedagógica Nacional, 1997 | ||
| 650 | 4 |
_aINTERPRETACION ORAL _921420 |
|
| 650 | 4 |
_aIntereses en la lectura _94851 |
|
| 710 | 2 |
_aUniversidad Pedagógica Nacional (México). _bUnidad 141 _928429 |
|
| 905 | _aTesis | ||
| 999 |
_c9370 _d9370 |
||